Iniciativa de la ITF del Tenis en las escuelas: Manual para el Maestro.

Guardat en:
Dades bibliogràfiques
Autor corporatiu: Federación Internacional de Tenis (autor)
Altres autors: Fito, Nacho (dibujos)
Format: Llibre
Publicat: Londres, Inglaterra: Federación Internacional de Tenis, 1998.
Matèries:
Etiquetes: Afegir etiqueta
Sense etiquetes, Sigues el primer a etiquetar aquest registre!

MARC

LEADER 00000nam a22000007a 4500
003 CL-VaPUC
005 20240508163232.0
008 240425t1998 ||||| |||| 00| 0 eng d
999 |c 443624  |d 443622 
020 |a 0-9514175-3-3 
040 |c Pontificia Universidad Católica de Valparaíso 
082 |2 22  |a 796.3420835 FED 1998 
110 1 |a Federación Internacional de Tenis  |e autor  |9 888576 
245 |a Iniciativa de la ITF del Tenis en las escuelas: Manual para el Maestro. 
260 |a Londres, Inglaterra:  |b Federación Internacional de Tenis,  |c 1998. 
300 |a 139 páginas. 
500 |a c.1-10. Donación Arturo Torres Chavez. Memo Donación 15-04-2024 
583 |c 20240425  |k Catalogador Asistente 
650 0 |9 888742  |a Enseñanza del tenis   |x Escuelas, colegios, etc.  |x Niños (8-12 años) 
650 0 |9 308192  |a Tenis  |x Educación básica   |x Niños (8-12 años) 
700 |a Fito, Nacho  |e dibujos  |9 888577 
942 |2 ddc  |c BK 
952 |0 0  |1 0  |2 ddc  |4 0  |6 796_342083500000000_FED_1998  |7 0  |8 A  |9 594249  |a BIBEDU  |b BIBEDU  |d 2024-04-25  |e Donación  |i 5660812  |o 796.3420835 FED 1998  |p 5660812  |r 2024-04-25  |t 1  |w 2024-04-25  |y BK  |k EFI 
952 |0 0  |1 0  |2 ddc  |4 0  |6 796_342083500000000_FED_1998  |7 0  |8 A  |9 594250  |a BIBEDU  |b BIBEDU  |d 2024-04-25  |e Donación  |i 5660813  |o 796.3420835 FED 1998  |p 5660813  |r 2024-04-25  |t 2  |w 2024-04-25  |y BK  |k EFI 
952 |0 0  |1 0  |2 ddc  |4 0  |6 796_342083500000000_FED_1998  |7 0  |8 A  |9 594252  |a BIBEDU  |b BIBEDU  |d 2024-04-25  |e Donación  |i 5660814  |o 796.3420835 FED 1998  |p 5660814  |r 2024-04-25  |t 3  |w 2024-04-25  |y BK  |k EFI 
952 |0 0  |1 0  |2 ddc  |4 0  |6 796_342083500000000_FED_1998  |7 0  |8 A  |9 594253  |a BIBEDU  |b BIBEDU  |d 2024-04-25  |e Donación  |i 5660815  |o 796.3420835 FED 1998  |p 5660815  |r 2024-04-25  |t 4  |w 2024-04-25  |y BK  |k EFI 
952 |0 0  |1 0  |2 ddc  |4 0  |6 796_342083500000000_FED_1998  |7 0  |8 A  |9 594254  |a BIBEDU  |b BIBEDU  |d 2024-04-25  |e Donación  |i 5660816  |o 796.3420835 FED 1998  |p 5660816  |r 2024-04-25  |t 5  |w 2024-04-25  |y BK  |k EFI 
952 |0 0  |1 0  |2 ddc  |4 0  |6 796_342083500000000_FED_1998  |7 0  |8 A  |9 594255  |a BIBEDU  |b BIBEDU  |d 2024-04-25  |e Donación  |i 5660817  |o 796.3420835 FED 1998  |p 5660817  |r 2024-04-25  |t 6  |w 2024-04-25  |y BK  |k EFI 
952 |0 0  |1 0  |2 ddc  |4 0  |6 796_342083500000000_FED_1998  |7 0  |8 A  |9 594256  |a BIBEDU  |b BIBEDU  |d 2024-04-25  |e Donación  |i 5660818  |o 796.3420835 FED 1998  |p 5660818  |r 2024-04-25  |t 7  |w 2024-04-25  |y BK  |k EFI 
952 |0 0  |1 0  |2 ddc  |4 0  |6 796_342083500000000_FED_1998  |7 0  |8 A  |9 594257  |a BIBEDU  |b BIBEDU  |d 2024-04-25  |e Donación  |i 5660819  |o 796.3420835 FED 1998  |p 5660819  |r 2024-04-25  |t 8  |w 2024-04-25  |y BK  |k EFI 
952 |0 0  |1 0  |2 ddc  |4 0  |6 796_342083500000000_FED_1998  |7 0  |8 A  |9 594259  |a BIBEDU  |b BIBEDU  |d 2024-04-25  |e Donación  |i 5660820  |o 796.3420835 FED 1998  |p 5660820  |r 2024-04-25  |t 9  |w 2024-04-25  |y BK  |k EFI 
952 |0 0  |1 0  |2 ddc  |4 0  |6 796_342083500000000_FED_1998  |7 0  |8 A  |9 594260  |a BIBEDU  |b BIBEDU  |d 2024-04-25  |e Donación  |i 5660821  |o 796.3420835 FED 1998  |p 5660821  |r 2024-04-25  |t 10  |w 2024-04-25  |y BK  |k EFI